| 000 | 18035nas1a22012971i 4500 | ||
|---|---|---|---|
| 001 | RU\NLR\INFOCOMM44\1000037959 | ||
| 005 | 20240726011441.0 | ||
| 011 | _a0202-0068 | ||
| 035 | _a(NLR Aleph) 002573470 | ||
| 090 |
_a3210582 _c3210582 |
||
| 100 | _a20040616c1982 |||y0rusy50 ca | ||
| 101 | 0 | _arus | |
| 102 | _aRU | ||
| 110 | _aayu||||0|y0 | ||
| 200 | 1 |
_aОбогащение и брикетирование угля _eОбзор информ. _fЦНИИ экономики и НТИ угол. пром-сти (ЦНИЭИуголь) |
|
| 210 |
_aМ. _d1982- |
||
| 300 | _aВ надзаг. также: М-во угол. пром-сти СССР | ||
| 430 | 1 |
_12001#$aОбзор$iСерия "Обогащение и брикетирование угля" _tОбзор |
|
| 801 | 1 |
_aRU _bInfoComm _c20040616 |
|
| 801 | 0 |
_aRU _bNLR _gPSBO |
|
| 852 |
_aNLR _jП10/5935 |
||
| 942 | _cJOURNAL | ||
| 980 | _aRUSPER | ||